កូនគីង្គក់និងផ្លែស្វាយទុំ / (Record no. 8770)

MARC details
000 -LEADER
fixed length control field 02426nam a22003137a 4500
001 - CONTROL NUMBER
control field 8770
003 - CONTROL NUMBER IDENTIFIER
control field FISKH
005 - DATE AND TIME OF LATEST TRANSACTION
control field 20251020084412.0
008 - FIXED-LENGTH DATA ELEMENTS--GENERAL INFORMATION
fixed length control field 251020b cb ||||| |||| 00| 0 eng d
020 ## - INTERNATIONAL STANDARD BOOK NUMBER
International Standard Book Number 9789995001797
040 ## - CATALOGING SOURCE
Original cataloging agency FISKH
Language of cataloging khr
Transcribing agency FISKH
Modifying agency FISKH
050 ## - LIBRARY OF CONGRESS CALL NUMBER
Classification number PZ7
082 ## - DEWEY DECIMAL CLASSIFICATION NUMBER
Classification number 895
100 ## - MAIN ENTRY--PERSONAL NAME
Personal name Sak Rolet, Chhim
245 ## - TITLE STATEMENT
Title កូនគីង្គក់និងផ្លែស្វាយទុំ /
Statement of responsibility, etc. អ្នកនិពន្ធ អ្នកស្រី ឈឹម សក្តិរ៉ូឡែត , អ្នកវាយអត្ថបទ លោក ខែម ម៉ារី
260 ## - PUBLICATION, DISTRIBUTION, ETC.
Place of publication, distribution, etc. ភ្នំពេញ :
Name of publisher, distributor, etc. គ្រឺះស្ថានបោះពុម្ពនិងចែកផ្សាយ ,
Date of publication, distribution, etc. ២០១៣ .
300 ## - PHYSICAL DESCRIPTION
Extent 8 pages :
Other physical details color illustrations ;
Dimensions 17 * 18 cm .
490 ## - SERIES STATEMENT
Series statement រឿងនិទានអប់រំសម្រាប់កុមារ
505 ## - FORMATTED CONTENTS NOTE
Formatted contents note L <br/>
520 ## - SUMMARY, ETC.
Summary, etc. មានសត្វគីង្គក់ពីរនាក់ម៉ែកូនរស់នៅក្បែរបឹង​មួយ ។​ ថ្ងៃមួយកូនឃើញស្វាយទុំក៏រំអុកម្តាយ ចង់សុី ម្តាយមិនអាចឡើងបេះបានក៏ប្រាប់កូនអោយរង់ចាំអោយស្វាយទុំជ្រុះសិន តែកូនមិនព្រម ។ ម្តាយក៏ប្រឹងតោងវល្ល៏តែដោយអស់កម្លាំងពេកក៏របូតដៃធ្លាក់មកដីស្លាប់ទៅ ។
520 ## - SUMMARY, ETC.
Summary, etc. There were two frogs, a mother and her child, living near a pond.​ One day, the young frog saw a ripe mango and excitedly told her mother that she wanted to eat it.<br/>The mother couldn't climb up to pick the mango, so she told her child to wait until the mango naturally fell.<br/>But the child refused to wait.<br/>The mother then tried to climb up by using vines, but she became too exhausted, lost her grip, and fell to the ground — and died.
521 8# - TARGET AUDIENCE NOTE
Target audience note 530 <br/>
Source Lexile estimate <br/>
521 8# - TARGET AUDIENCE NOTE
Target audience note L <br/>
Source Raz-Plus <br/>
650 ## - SUBJECT ADDED ENTRY--TOPICAL TERM
Topical term or geographic name entry element កូនគីង្គក់និង ស្វាយទុំ
Form subdivision រឿងនិទានកុមារ
650 ## - SUBJECT ADDED ENTRY--TOPICAL TERM
Topical term or geographic name entry element Baby toad and ripe mango
Form subdivision Children's Stories
700 ## - ADDED ENTRY--PERSONAL NAME
Personal name Van Ten , Houy
Relator term Illustrator
942 ## - ADDED ENTRY ELEMENTS (KOHA)
Source of classification or shelving scheme Dewey Decimal Classification
Koha item type Khmer Books
Suppress in OPAC No
Holdings
Withdrawn status Lost status Source of classification or shelving scheme Damaged status Not for loan Collection Home library Current library Shelving location Date acquired Total Checkouts Full call number Barcode Date last seen Copy number Price effective from Koha item type
    Dewey Decimal Classification     Khmer Language Books / សៀវភៅភាសាខ្មែរ Footprints International School Library Network Toul Tom Poung Campus Footprints International School Library Network Toul Tom Poung Campus TTP Primary Khmer Bookshelves 10/20/2025   SAK PZ7 895 FIS01669 10/20/2025 1 10/20/2025 Khmer Books
    Dewey Decimal Classification     Khmer Language Books / សៀវភៅភាសាខ្មែរ Footprints International School Library Network Toul Tom Poung Campus Footprints International School Library Network Toul Tom Poung Campus TTP Primary Khmer Bookshelves 12/12/2025   SAK PZ7 895 FIS02468 12/12/2025 2 12/12/2025 Khmer Books